| 000 | 00333cam a22001217a 4500 | ||
|---|---|---|---|
| 008 | 180718b1955 xxu||||| |||| 00| 0 eng d | ||
| 082 | _aU F687 | ||
| 100 | _aFogarty, Michael P. | ||
| 245 |
_aEconomic control _cby Michael P. Fogarty |
||
| 260 |
_aLondon _bRoutledge and Kegan Paul Ltd _c1955 |
||
| 300 | _ax, 324p. | ||
| 650 | _aEconmics | ||
| 999 |
_c437863 _d437863 |
||